Joueurs avec 1 sélection en Equipe de France - Statistiques

Statistiques générales
  • Ce quiz a été pris 68 fois
  • Le résultat moyen est 6 sur 21
Statistiques - réponses
Année Poste Joueur % Correct
2016 Gardien de but Benoît Costil
68%
2008 Attaquant Steve Savidan
49%
2010 Défenseur Marc Planus
47%
2005 Défenseur Franck Jurietti
46%
2006 Milieu de terrain Julien Faubert
46%
2006 Défenseur Pascal Chimbonda
44%
2018 Attaquant Alassane Pléa
40%
2010 Défenseur Michaël Ciani
30%
2011 Gardien de but Cédric Carasso
23%
2012 Milieu de terrain Clément Chantôme
23%
2012 Milieu de terrain Morgan Amalfitano
23%
2000 Gardien de but Rcihard Dutruel
23%
2016 Défenseur Sébastien Corchia
23%
2001 Défenseur Zoumana Camara
21%
2017 Milieu de terrain Tiémoué Bakayoko
19%
2007 Attaquant Frédéric Piquionne
18%
2008 Attaquant Florent Sinama-Pongolle
16%
2010 Défenseur Aly Cissokho
12%
2001 Défenseur Nicolas Gillet
12%
2001 Attaquant Frédéric Née
11%
2005 Défenseur Jonathan Zebina
7%
Aucun quiz correspondant
Distribution des résultats
% des personnes avec chaque résultat
Percentile par nombre de réponses
Votre historique - résultats
Vous n’avez pas pris ce quiz